| 000 | 00578nam a22001577a 4500 | ||
|---|---|---|---|
| 008 | 100719s1982 xxu||||| |||| 00| 0 ara d | ||
| 082 |
_222 _a297.8042 _bق ص ي |
||
| 100 | 1 |
_916461 _aالقصيمى ، عبد الله على |
|
| 245 |
_aالصراع بين الأسلام والوثنية / _cعبد الله على القصيمى |
||
| 250 | _aط2 . | ||
| 260 |
_aالقاهرة : _b[د.ن] _c1982. |
||
| 300 |
_a715 ص ؛ _c24 سم. |
||
| 541 |
_aألف باء ؛ _cشراء ؛ |
||
| 650 |
_916471 _aالاسلام و المذاهب الالحادية |
||
| 942 |
_2ddc _cBB |
||
| 999 |
_c14511 _d14511 |
||